000
00197nam a22000977a 4500
050
_a
QH96.8
_b
.E26
100
_a
Grant F.Ian
245
_a
Ecological Monitering Methods
260
_b
DEID
942
_c
GEN
999
_c
1846
_d
1846